Kerala laws manual. V 1. (Record no. 36038)

MARC details
000 -LEADER
fixed length control field 00322nam a2200133Ia 4500
082 ## - DEWEY DECIMAL CLASSIFICATION NUMBER
Classification number 34(548.3)
Item number RAM.1
100 ## - MAIN ENTRY--AUTHOR NAME
Personal name RAMAKUMAR, K
245 #0 - TITLE STATEMENT
Title Kerala laws manual. V 1.
250 ## - EDITION STATEMENT
Edition statement 2
260 ## - PUBLICATION, DISTRIBUTION, ETC. (IMPRINT)
Place of publication Cochin
Name of publisher Ramkumar
Year of publication 1971
650 ## - SUBJECT ADDED ENTRY--TOPICAL TERM
Topical Term Kerala Laws manual
942 ## - ADDED ENTRY ELEMENTS (KOHA)
Koha item type Books
Holdings
Withdrawn status Lost status Damaged status Not for loan Home library Current library Date acquired Full call number Accession Number Koha item type
        RRII Library RRII Library 16/12/2021 34(548.3) RAM.1 16454 Books